000 00606nam a2200229 a 4500
999 _c10524
_d10524
001 10524
003 BD-JhCC
005 20180430191306.0
008 180430s1965 nbu |||| b||| 000 0 eng d
035 _a(BD-JhCC)10524
040 _aBD-JhCC
_dBD-JhCC
041 _aeng
082 _a820.900912
_bSHA 1965
100 _cShaw, Rita Granger;
245 _aSons and lovers :
_bNotes /
_cRita Granger Shaw,
260 _aLincoln :
_bCliff's Notes,
_c1965.
300 _a73 P. :
_c21 cm.
600 _aSons and lovers (Lawrence, D. H.)
650 _aEnglish Fiction
942 _2ddc
_cBK